|
|
|
|
| LEADER |
00000nam0a2200000 4500 |
| 001 |
108790 |
| 005 |
20231031115823.0 |
| 035 |
|
|
|a (RuTPU)RU\TPU\book\117441
|
| 090 |
|
|
|a 108790
|
| 100 |
|
|
|a 20070126d2006 k y0rusy50 ca
|
| 101 |
0 |
|
|a rus
|
| 102 |
|
|
|a RU
|
| 105 |
|
|
|a y z 101zy
|
| 200 |
1 |
|
|a По пути к возрождению: перспективы развития Российской экономики
|e специальный выпуск научных трудов Российской научно-практической конференции
|h Т. 1
|f Институт проблем экономического возрождения; под ред. А. Н. Асаула
|
| 210 |
|
|
|a СПб.
|c Наука
|d 2006
|
| 215 |
|
|
|a 200 с.
|
| 320 |
|
|
|a Библиография в конце докладов.
|
| 330 |
|
|
|a Тематика специального выпуска сборника трудов Российской научно-практической конференции, проводимой журналом «Экономическое возрождение России», в период с 18 по 20 января 2006 г., отражает концепцию журнала и соответствует его программным целям - раскрытию связей науки и предпринимательства, роли научных знаний в подъеме промышленности, экономическому развитию регионов и самой главной цели - экономическому возрождению России. Адресован широкому кругу читателей: ученым, преподавателям, аспирантам и студентам, предпринимателям и руководителям всех уровней государственного и муниципального управления - всем, кому интересны вопросы базисной и прикладной экономической теории, хозяйственной практики и научной жизни экономического сообщества.
|
| 610 |
1 |
|
|a экономика
|
| 610 |
1 |
|
|a Россия
|
| 610 |
1 |
|
|a управление
|
| 610 |
1 |
|
|a корпорации
|
| 610 |
1 |
|
|a корпоративное управление
|
| 610 |
1 |
|
|a менеджмент
|
| 610 |
1 |
|
|a инвестиции
|
| 610 |
1 |
|
|a недвижимость
|
| 610 |
1 |
|
|a строительные комплексы
|
| 610 |
1 |
|
|a конференции
|
| 686 |
|
|
|a У9(2)0л0
|v LBC/SL-A
|2 rubbk
|
| 702 |
|
1 |
|a Асаул
|b А. Н.
|4 340
|
| 712 |
0 |
2 |
|a Институт проблем экономического возрождения
|
| 712 |
1 |
2 |
|a По пути к возрождению: перспективы развития Российской экономики
|c конференция
|
| 801 |
|
1 |
|a RU
|b 63413507
|c 20070126
|g PSBO
|
| 801 |
|
2 |
|a RU
|b 63413507
|c 20070221
|g PSBO
|
| 942 |
|
|
|c BK
|